000 00373 a2200169 4500
001 56759
020 _a853251944X
040 _cAnchieta - Pituba
100 _aKessler, Liz
240 1 0 _aA cauda de Emília Ventania
_lpor
245 1 0 _aA cauda de Emília Ventania
300 _a197
362 0 _a2006
440 1 _aRocco
650 4 _aLiteratura juvenil
942 _cBK
999 _c56759
_d56759